000 00432 a2200157 4500
005 20250627114830.0
020 _a978-0-7506-8493-4
082 _a346.42 SAG
100 _aSAGAR,D.
245 _aFundamentals of Ethics,Corporate Governance and Business Law
260 _aBurlington,
_bElsevier Ltd,
_c2007.
300 _axvii,518p.:ill.; figures
_bIndex
_c30cm
700 _aMead, Larry
700 _aBampton,Kevin
942 _2ddc
_cBKS
999 _c5605
_d5605